Легирование и модифицирование стали с использованием природных и техногенных материалов: монография

Manylion Llyfryddiaeth
Awdur Corfforaethol: Национальный исследовательский Томский политехнический университет (ТПУ) Юргинский технологический институт (ЮТИ)
Awduron Eraill: Нохрина О. И. Ольга Ивановна, Рожихина И. Д. Ирина Дмитриевна, Дмитриенко В. И. Владимир Иванович, Платонов М. А. Максим Александрович
Crynodeb:В монографии представлен современный подход к оценке и регламентированию качества готовой металлопродукции. Рассмотрены вопросы подготовки и переработки природного и техногенного сырья к использованию в сталеплавильном производстве в качестве легирующих элементов. Произведена оценка влияния различных примесей на качество готового металла. Предназначена для инженерно-технических работников, аспирантов и студентов, обучающихся по направлению 150100 «Металлургия».
Iaith:Rwseg
Cyhoeddwyd: Томск, Изд-во ТПУ, 2013
Pynciau:
Fformat: Llyfr
KOHA link:https://koha.lib.tpu.ru/cgi-bin/koha/opac-detail.pl?biblionumber=247405

MARC

LEADER 00000nam0a2200000 4500
001 247405
005 20231101232309.0
010 |a 9785438702658 
035 |a (RuTPU)RU\TPU\book\268890 
090 |a 247405 
100 |a 20131225d2013 k y0rusy50 ca 
101 0 |a rus 
102 |a RU 
105 |a a z 001zy 
200 1 |a Легирование и модифицирование стали с использованием природных и техногенных материалов  |e монография  |f О. И. Нохрина [и др.]  |g Национальный исследовательский Томский политехнический университет (ТПУ), Юргинский технологический институт (ЮТИ) 
210 |a Томск  |c Изд-во ТПУ  |d 2013 
215 |a 320 с.  |c ил. 
320 |a Библиогр.: с. 251-292. 
330 |a В монографии представлен современный подход к оценке и регламентированию качества готовой металлопродукции. Рассмотрены вопросы подготовки и переработки природного и техногенного сырья к использованию в сталеплавильном производстве в качестве легирующих элементов. Произведена оценка влияния различных примесей на качество готового металла. Предназначена для инженерно-технических работников, аспирантов и студентов, обучающихся по направлению 150100 «Металлургия». 
606 1 |a Сталь  |x Легирование  |2 stltpush  |3 (RuTPU)RU\TPU\subj\56324  |9 74236 
610 1 |a сталеплавильное производство 
610 1 |a оксидные материалы 
610 1 |a ванадийсодержащие материалы 
610 1 |a качество 
610 1 |a природное сырье 
610 1 |a техногенное сырье 
610 1 |a получение 
610 1 |a применение 
610 1 |a барий 
610 1 |a металлургическое производство 
610 1 |a восстановление 
610 1 |a модифицирование 
610 1 |a монографии 
610 1 |a труды учёных ТПУ 
675 |a 669.18.04  |v 3 
701 1 |a Нохрина  |b О. И.  |c специалист в области металлургии  |c профессор Юргинского технологического института (филиала) Томского политехнического университета, доктор технических наук  |f 1953-  |g Ольга Ивановна  |2 stltpush  |3 (RuTPU)RU\TPU\pers\31604  |9 15762 
701 1 |a Рожихина  |b И. Д.  |c специалист в области металлургии  |c профессор Юргинского технологического института Томского политехнического университета  |f 1947-  |g Ирина Дмитриевна  |2 stltpush  |3 (RuTPU)RU\TPU\pers\31688  |9 15819 
701 1 |a Дмитриенко  |b В. И.  |g Владимир Иванович 
701 1 |a Платонов  |b М. А.  |c специалист в области металлургии  |c доцент Юргинского технологического института (филиала) Томского политехнического университета  |f 1980-  |g Максим Александрович  |2 stltpush  |3 (RuTPU)RU\TPU\pers\27471  |9 12743 
712 0 2 |a Национальный исследовательский Томский политехнический университет (ТПУ)  |b Юргинский технологический институт (ЮТИ)  |c (2009- )  |h 349  |2 stltpush  |3 (RuTPU)RU\TPU\col\15903 
801 1 |a RU  |b 63413507  |c 20131225 
801 2 |a RU  |b 63413507  |c 20150220  |g RCR 
942 |c BK